书目信息 |
| 题名: |
人民币国际化报告
|
|
| 作者: | 王芳 , 钱宗鑫 主编 ;中国人民大学国际货币研究所 著 | |
| 分册: | 2024 | |
| 出版信息: | 北京 中国人民大学出版社 2024.07 |
|
| 页数: | 234页 | |
| 开本: | 26cm | |
| 丛书名: | IMI·大金融书系 | |
| 单 册: | ||
| 中图分类: | F822 | |
| 科图分类: | ||
| 主题词: | 人民币--金融国际化--研究报告--2024 | |
| 电子资源: | ||
| ISBN: | 978-7-300-33064-8 | |
| 000 | 01445nam0 2200301 450 | |
| 001 | 013105150 | |
| 005 | 20251022183016.05 | |
| 010 | @a978-7-300-33064-8@dCNY78.00 | |
| 100 | @a20240830d2024 em y0chiy0120 ea | |
| 101 | 0 | @achi |
| 102 | @aCN@b110000 | |
| 105 | @ay z 000yy | |
| 106 | @ar | |
| 200 | 1 | @a人民币国际化报告@9ren min bi guo ji hua bao gao@h2024@dAnnual report of Renminbi internationalization@h2024@e可持续全球供应链体系与国际货币金融变革@f中国人民大学国际货币研究所[著]@zeng |
| 210 | @a北京@c中国人民大学出版社@d2024.07 | |
| 215 | @a234页@d26cm | |
| 225 | 1 | @aIMI·大金融书系@dInternational Monetary Institute of RUC macro-finance book series |
| 300 | @a中国人民大学中国财政金融政策研究中心系列报告 | |
| 330 | @a本书将从全球供应链的历史脉络和现实挑战出发,构建金融保障全球供应链效率与韧性的理论分析框架,进而分别从支付体系、融资服务、风险管理等不同方面深度研究有效支持全球供应链的金融解决方案,用理论和实践证据充分说明人民币国际化有利于中国,更有利于世界。 | |
| 461 | 0 | @12001 @aIMI·大金融书系 |
| 510 | 1 | @aAnnual report of Renminbi internationalization@h2024@zeng |
| 606 | 0 | @a人民币@x金融国际化@x研究报告@z2024 |
| 690 | @aF822@v5 | |
| 701 | 0 | @a王芳@9wang fang@f(1974.1~)@4主编 |
| 701 | 0 | @a钱宗鑫@9qian zong xin@4主编 |
| 712 | 02 | @a中国人民大学国际货币研究所@9zhong guo ren min da xue guo ji huo bi yan jiu suo@4著 |
| 801 | 0 | @aCN@c20250910 |
| 905 | @a河南城建学院图书馆@dF822@eW172:2024@ZW172:2024@f1 | |
| 人民币国际化报告.2024=Annual report of Renminbi internationalization.2024:可持续全球供应链体系与国际货币金融变革/中国人民大学国际货币研究所[著].-北京:中国人民大学出版社,2024.07 |
| 234页;26cm.-(IMI·大金融书系=International Monetary Institute of RUC macro-finance book series) |
| 中国人民大学中国财政金融政策研究中心系列报告 |
| ISBN 978-7-300-33064-8:CNY78.00 |
| 本书将从全球供应链的历史脉络和现实挑战出发,构建金融保障全球供应链效率与韧性的理论分析框架,进而分别从支付体系、融资服务、风险管理等不同方面深度研究有效支持全球供应链的金融解决方案,用理论和实践证据充分说明人民币国际化有利于中国,更有利于世界。 |
| ● |
| 相关链接 |
|
|
|
正题名:人民币国际化报告
索取号:F822/W172:2024
 
预约/预借
| 序号 | 登录号 | 条形码 | 馆藏地/架位号 | 状态 | 备注 |
| 1 | 1634704 | 216347040 | 社科库409/409社科库 50排3列3层/ [索取号:F822/W172:2024] | 在馆 |